| 000 | 01484nam a2200337 a 4500 | ||
|---|---|---|---|
| 001 | 000000496 | ||
| 003 | DO-SdBNP | ||
| 005 | 20240313180825.0 | ||
| 008 | 081128s1974 dr abc 000 0 spa d | ||
| 040 |
_aDO-SdBNP _bspa _cBNPHU |
||
| 082 | 4 |
_aR 972.93 _bD446r, 1974 _222 |
|
| 100 | 1 |
_aDeschamps, Enrique, _d 1872-1933 _92573 |
|
| 245 | 1 | 3 |
_aLa República Dominicana : _bdirectorio y guía general / _cEnrique Deschamps. |
| 250 | _a2a ed. | ||
| 260 |
_aSanto Domingo : _bEditora de Santo Domingo, _e1974. |
||
| 300 |
_a336, [ 144 ] p. : _bils. , mapa , partitura, retrs. ; _c25 cm. |
||
| 490 | 1 |
_aSociedad Dominicana de Bibliófilos. _aCultura dominicana ; _v1 |
|
| 500 | _aIncluye partitura del Himno Nacional Dominicano | ||
| 500 | _aIncluye en anexo mapa de la isla de Santo Domingo y Haití. | ||
| 534 |
_aOriginalmente publicado: _cSantiago de los Caballeros, República Dominicana, 1907 |
||
| 650 | 4 |
_aMasonería _zRepública Dominicana _91652 |
|
| 651 | 4 |
_aRepública Dominicana _vDirectorios _91650 |
|
| 651 | 4 |
_aRepública Dominicana _xHistoria _9170 |
|
| 651 | 4 |
_aRepública Dominicana _xDescripciones y viajes _91651 |
|
| 651 | 4 |
_aRepública Dominicana _xVida social y costumbres _9405 |
|
| 651 | 4 |
_aRepública Dominicana _xCondiciones económicas _9281 |
|
| 651 | 4 |
_aRepública Dominicana _xCondiciones sociales _946 |
|
| 830 | 0 |
_aSociedad Dominicana de Bibliófilos. _pCultura dominicana; _n1 _91653 |
|
| 910 | _aValidado. Control de calidad MMOLINA | ||
| 942 |
_2ddc _cLBS1 |
||
| 999 |
_c494 _d494 |
||